000 00448nam a22001457a 4500
082 _a620.112
_bDAV
_cL-21, P-41
100 _aDavis, Harmer E.
_940772
245 _aThe testing and inspection of engineering materials
_cDavis, Harmer E.
250 _a2nd Ed
260 _aNew York
_bMcGraw Hill Book Company
_c1955
300 _avii, 423 p. :
_bill, ;
_c20 cm.
526 _a0
_b0
_c0
_d620_112000000000000_DAV
650 _aMCE
_9379
942 _2ddc
_cBK
999 _c545019
_d545019